The discovery of India / (Record no. 7279)
[ view plain ]
| 000 -LEADER | |
|---|---|
| fixed length control field | 00762nam a2200289Ia 4500 |
| 001 - CONTROL NUMBER | |
| JCCL Control Number | 7279 |
| 003 - CONTROL NUMBER IDENTIFIER | |
| JCCL marc code | BD-JhCC |
| 005 - DATE AND TIME OF LATEST TRANSACTION | |
| control field | 20180313190334.0 |
| 008 - FIXED-LENGTH DATA ELEMENTS--GENERAL INFORMATION | |
| fixed length control field | 080917s2004 ii 001 0 eng d |
| 020 ## - INTERNATIONAL STANDARD BOOK NUMBER | |
| International Standard Book Number | 9780143063698 |
| 020 ## - INTERNATIONAL STANDARD BOOK NUMBER | |
| International Standard Book Number | 0143063693 |
| 035 ## - SYSTEM CONTROL NUMBER | |
| system control number | (BD-JhCC)7279 |
| 040 ## - CATALOGING SOURCE | |
| Original cataloging agency | MYG |
| Transcribing agency | MYG |
| Modifying agency | BD-JhCC |
| 041 ## - LANGUAGE CODE | |
| Language code of Book | eng |
| 082 ## - DEWEY DECIMAL CLASSIFICATION NUMBER | |
| Author mark and Year | NEH 2004 |
| Classification number | 954 |
| 090 ## - LOCALLY ASSIGNED LC-TYPE CALL NUMBER (OCLC); LOCAL CALL NUMBER (OCLC) | |
| Classification number (OCLC) (R) ; Classification number, CALL (RLIN) (NR) | DS436.A1 |
| Local cutter number (OCLC) ; Book number/undivided call number, CALL (RLIN) | N396 2004 |
| 100 1# - MAIN ENTRY--PERSONAL NAME | |
| Personal name | Nehru, Jawaharlal, |
| Dates associated with a name | 1889-1964. |
| 245 14 - TITLE STATEMENT | |
| Title | The discovery of India / |
| Statement of responsibility, etc | Nehru, Jawaharlal. |
| 260 ## - PUBLICATION, DISTRIBUTION, ETC. (IMPRINT) | |
| Place of publication, distribution, etc | New Delhi, India, |
| Name of publisher, distributor, etc | Penguin Books, |
| Date of publication, distribution, etc | 2004. |
| 300 ## - PHYSICAL DESCRIPTION | |
| Pagination | xiv, 642 p. ; |
| Dimensions | 23 cm. |
| 490 1# - SERIES STATEMENT | |
| Series statement | Modern classics |
| 651 #0 - SUBJECT ADDED ENTRY--GEOGRAPHIC NAME | |
| Geographic name | India |
| General subdivision | History. |
| 651 #0 - SUBJECT ADDED ENTRY--GEOGRAPHIC NAME | |
| Geographic name | India |
| General subdivision | Civilization. |
| 830 #0 - SERIES ADDED ENTRY--UNIFORM TITLE | |
| Uniform title | Modern classics. |
| 942 ## - ADDED ENTRY ELEMENTS (KOHA) | |
| Source of classification or shelving scheme | Dewey Decimal Classification |
| Koha item type | Books |
| Source of classification or shelving scheme | Damaged status | Not for loan | Home library | Current library | Shelving location | Date of accession | Total Checkouts | Full call number | Barcode | Date last seen | Copy number | Koha item type |
|---|---|---|---|---|---|---|---|---|---|---|---|---|
| Dewey Decimal Classification | JCC Rouf Library | JCC Rouf Library | General Stacks | 02/07/2018 | 954 NEH 2004 | 9855 | 02/07/2018 | C - 1 | Books | |||
| Dewey Decimal Classification | JCC Rouf Library | JCC Rouf Library | General Stacks | 954 NEH 2004 | 12570 | 03/13/2018 | C - 1 | Books |